L'évoution sociale en Allemagne / (Record no. 166363)

MARC details
000 -LEADER
campo de control de longitud fija 00870nam a2200229 i 4500
001 - NÚMERO DE CONTROL
campo de control 166363
003 - IDENTIFICADOR DE NÚMERO DE CONTROL
campo de control ES-MaACL
005 - FECHA Y HORA DE LA ÚLTIMA TRANSACCIÓN
campo de control 20250626210411.0
008 - DATOS DE LONGITUD FIJA--INFORMACIÓN GENERAL
campo de control de longitud fija 050916s1896 fr | |||||||| ||fre d
040 ## - FUENTE DE CATALOGACIÓN
Centro catalogador/agencia de origen CAM
Lengua de catalogación spa
Centro/agencia transcriptor CAM
100 1# - ENTRADA PRINCIPAL--NOMBRE DE PERSONA
Nombre de persona Tönnies, Ferdinand.
9 (RLIN) 110579
245 12 - MENCIÓN DEL TÍTULO
Título L'évoution sociale en Allemagne /
Mención de responsabilidad, etc. par Ferdinand Toennies ; traduit de l'allemande par C. de Krauz.
260 ## - PUBLICACIÓN, DISTRIBUCIÓN, ETC.
Lugar de publicación, distribución, etc. Paris :
Nombre del editor, distribuidor, etc. V. Giard & E. Brière libraires-éditeurs,
Fecha de publicación, distribución, etc. 1896.
300 ## - DESCRIPCIÓN FÍSICA
Extensión 51 p. ;
Dimensiones 25 cm.
500 ## - NOTA GENERAL
Nota general Todos los datos tomados de la cub. original.
651 ## - PUNTO DE ACCESO ADICIONAL DE MATERIA--NOMBRE GEOGRÁFICO
Nombre geográfico Alemania-
Subdivisión general Situación social-
Subdivisión cronológica S.XIX.
9 (RLIN) 174119
700 1# - ENTRADA AGREGADA--NOMBRE PERSONAL
Nombre de persona Krauz, Kazimierz Kelles.
9 (RLIN) 128491
852 ## - LOCALIZACIÓN
Ubicación ES-MaACL
Número de control de estantería T-748-F-3
Nota libre -- Enc. hol. conservando la cub. original
-- -- Donativo de Azcárate
-- -- Enc. en un vol. facticio
942 ## - ELEMENTOS DE ENTRADA SECUNDARIOS (KOHA)
Fuente del sistema de clasificación o colocación Clasificación decimal universal
Holdings
Estatus retirado Estado de pérdida Estado de daño No para préstamo Colección Biblioteca de origen Biblioteca actual Ubicación en estantería Fecha de adquisición Total de préstamos Signatura topográfica completa Código de barras Visto por última vez Precio de reemplazo Tipo de ítem Koha
        Colección de folletos Biblioteca del Ateneo de Madrid Biblioteca del Ateneo de Madrid Depósito folletos 17/01/2008   T-748-F-3 1174472 23/02/2023 23/02/2023 Folleto